[Event "Wellington Open 2017"]
[Site "Wellington"]
[Date "2017.04.15"]
[Round "3.4"]
[White "Nyberg, Michael"]
[Black "Dive, Russell"]
[Result "0-1"]
[WhiteElo "2032"]
[BlackElo "2426"]

1. d4 Nf6 2. c4 c5 3. d5 b5 4. cxb5 a6 5. bxa6 d6 6. Nc3 Bxa6 7. f3 g6 8. Nh3
Bg7 9. Nf2 O-O 10. Nd3 Nbd7 11. e4 Qb6 12. Be2 Ne8 13. O-O Bxd3 14. Kh1 Bxe2
15. Qxe2 Nc7 16. Be3 Rfb8 17. Rac1 Qxb2 18. Rc2 Qa3 19. Nd1 Rb1 20. Bg5 Nb5 21.
Qf2 Bd4 22. Qe2 f6 23. Bh4 Qa6 24. Be1 Na3 25. Qxa6 Rxa6 26. Rd2 Nc4 27. Rd3
Nde5 0-1

[Event "Wellington Open 2017"]
[Site "Wellington"]
[Date "2017.04.15"]
[Round "3.5"]
[White "Polishchuk, Kirill"]
[Black "Goodhue, Nathan"]
[Result "1/2-1/2"]
[WhiteElo "2225"]
[BlackElo "2093"]

1. e4 e6 2. Nf3 d5 3. e5 c5 4. b4 cxb4 5. a3 Nc6 6. axb4 Bxb4 7. c3 Be7 8. d4
h5 9. h4 Nh6 10. Bd3 Nf5 11. Na3 a6 12. Bg5 Rb8 13. Nc2 b5 14. Bxf5 exf5 15.
O-O Rb6 16. Ne3 Be6 17. Qc2 Bxg5 18. Nxg5 g6 19. g3 O-O 20. Ng2 Kg7 21. Nf4 Qd7
22. f3 Ne7 23. g4 fxg4 24. Nfxe6+ Rxe6 25. Nxe6+ Qxe6 26. fxg4 Qxg4+ 27. Qg2
Qxg2+ 28. Kxg2 Nf5 1/2-1/2

[Event "Wellington Open 2017"]
[Site "Wellington"]
[Date "2017.04.15"]
[Round "3.6"]
[White "Lyall, Simon"]
[Black "Quere, Alexandre"]
[Result "0-1"]
[WhiteElo "1819"]
[BlackElo "2022"]

1. e4 c5 2. c3 Nf6 3. e5 Nd5 4. d4 cxd4 5. Nf3 Nc6 6. cxd4 d6 7. Bc4 Nb6 8. Bb3
d5 9. Nc3 Bg4 10. Be3 e6 11. h3 Bh5 12. g4 Bg6 13. Rc1 Nb4 14. Kf1 Nd3 15. Rc2
Be7 16. Rd2 Nb4 17. a3 Nc6 18. h4 h5 19. g5 O-O 20. Ne2 Na5 21. Ba2 Nac4 22.
Ng3 Nxd2+ 23. Nxd2 Bd3+ 24. Ke1 g6 25. Nxh5 gxh5 26. Qxh5 Rc8 27. Nf3 Nc4 28.
Bxc4 Rxc4 29. Rg1 Qa5+ 30. Kd1 Qa4+ 31. Ke1 Bb4+ 32. axb4 Qa1+ 33. Kd2 Qxb2+
0-1

[Event "Wellington Open 2017"]
[Site "Wellington"]
[Date "2017.04.15"]
[Round "3.7"]
[White "Nicholls, Leighton"]
[Black "Sole, Michael"]
[Result "1/2-1/2"]
[WhiteElo "2057"]
[BlackElo "1586"]

1. e4 c5 2. c3 d5 3. exd5 Qxd5 4. d4 Nf6 5. Nf3 Bg4 6. Be2 Nc6 7. Be3 cxd4 8.
cxd4 e6 9. Nc3 Bb4 10. a3 Bxc3+ 11. bxc3 O-O 12. O-O Na5 13. Rb1 b6 14. h3 Bf5
15. Rb5 Qc6 16. Qa4 Rac8 17. Rc1 a6 18. Rb4 Qxa4 19. Rxa4 Nb3 20. Re1 Rxc3 21.
Rxa6 Nd5 22. Bd1 Na5 23. Ne5 Rxa3 24. Nd7 Rc8 25. Nxb6 Nxb6 26. Rxb6 Nc4 27.
Rb3 Rxb3 28. Bxb3 Nxe3 29. Rxe3 Kf8 1/2-1/2

[Event "Wellington Open 2017"]
[Site "Wellington"]
[Date "2017.04.15"]
[Round "3.8"]
[White "Murdoch, Stephen"]
[Black "Zhang, Jasmine"]
[Result "0-1"]
[WhiteElo "1608"]
[BlackElo "2029"]

1. d4 d5 2. e3 Nf6 3. Nd2 Bf5 4. Ngf3 e6 5. c4 c6 6. Qb3 Qc7 7. Ne5 Nbd7 8. f4
Ne4 9. Be2 f6 10. Nxd7 Qxd7 11. O-O h5 12. Nxe4 Bxe4 13. Bd3 O-O-O 14. cxd5
exd5 15. Bd2 Re8 16. a4 Bd6 17. Bxe4 Rxe4 18. Rac1 g5 19. Qxd5 Re7 20. b4 Kb8
21. Qb3 gxf4 22. exf4 Bc7 23. Qd3 Rg8 24. a5 Reg7 25. Rf2 Qd5 26. g3 h4 27. Rc5
hxg3 28. Rxd5 gxf2+ 29. Kxf2 cxd5 30. Qf3 Rh7 31. Qxd5 Rxh2+ 32. Kf1 Rd8 0-1

[Event "Wellington Open 2017"]
[Site "Wellington"]
[Date "2017.04.15"]
[Round "3.9"]
[White "Meravanage, Satwik"]
[Black "Rossiter, Philip"]
[Result "0-1"]
[WhiteElo "1524"]
[BlackElo "1945"]

1. e4 c5 2. Nf3 d6 3. d4 cxd4 4. Nxd4 Nf6 5. Nc3 a6 6. Bc4 e6 7. Bg5 Be7 8. Qf3
Qc7 9. Bd3 Nc6 10. Nb3 Bd7 11. O-O Rc8 12. Rfe1 Ne5 13. Qg3 b5 14. a3 h6 15.
Bf4 Nh5 16. Qe3 Nxf4 17. Qxf4 Bf6 18. Nd2 O-O 19. Qg3 Rfd8 20. Rac1 Be8 21. Ne2
Nc4 22. Bxc4 bxc4 23. b3 d5 24. Nf4 Be5 25. Nxe6 fxe6 26. Qg4 Bf7 27. exd5 exd5
28. Nf3 Bf6 29. Nd4 Bxd4 30. Qxd4 cxb3 31. cxb3 0-1

[Event "Wellington Open 2017"]
[Site "Wellington"]
[Date "2017.04.15"]
[Round "3.10"]
[White "Wells, Clinton"]
[Black "Sinclair, Zephan"]
[Result "1-0"]
[WhiteElo "1934"]
[BlackElo "1313"]

1. d4 Nf6 2. Nf3 e6 3. Bg5 Be7 4. Nbd2 b6 5. e4 Bb7 6. Bd3 d6 7. Qe2 O-O 8. O-O
c5 9. c3 h6 10. Bh4 Nbd7 11. Rad1 e5 12. dxe5 dxe5 13. Bg3 Bd6 14. Nc4 Qe7 15.
Nh4 g6 16. Nxg6 fxg6 17. Nxd6 Bc6 18. a4 Rad8 19. Bc4+ Kg7 20. Bh4 Nb8 21. Nb5
g5 22. Bg3 Nxe4 23. Bxe5+ Qxe5 24. f3 a5 25. fxe4 Qxe4 26. Qxe4 Bxe4 27. Rde1
Rfe8 28. Nc7 Re7 29. Ne6+ Rxe6 30. Bxe6 Bg6 31. Re2 Nc6 32. Bc4 Bh5 33. Re6 Bf7
34. Rxc6 Bxc4 35. Rxb6 Rd2 36. Re1 Kf7 37. Re3 Bd5 38. Rg3 Rd1+ 39. Kf2 c4 40.
Ke2 1-0

[Event "Wellington Open 2017"]
[Site "Wellington"]
[Date "2017.04.15"]
[Round "3.11"]
[White "Del Favero, Marcus"]
[Black "Masters, Andrew"]
[Result "0-1"]
[WhiteElo "1410"]
[BlackElo "1911"]

1. d4 d5 2. c4 dxc4 3. e3 Nf6 4. Bxc4 a6 5. Nf3 b5 6. Bb3 Bb7 7. O-O e6 8. Nc3
c5 9. dxc5 Qxd1 10. Rxd1 Bxc5 11. Ng5 O-O 12. Nxf7 Kxf7 13. Ne2 g5 14. f4 h6
15. f5 Bd5 16. Bxd5 Nxd5 17. fxe6+ Kxe6 18. Nd4+ Bxd4 19. Rxd4 Nc6 20. Rd1 Rad8
21. e4 Nc3 22. Re1 Ne2+ 23. Kh1 Nxc1 24. Raxc1 Nd4 25. Re3 Rf2 26. Rb1 Re2 27.
Rh3 Rh8 28. Ra3 Rxe4 29. Rxa6+ Kd5 30. Rf1 Rf4 31. Rd1 Rhf8 32. g3 Rf1+ 33.
Rxf1 Rxf1+ 34. Kg2 Rb1 35. b3 Rb2+ 36. Kf1 Rxh2 0-1

[Event "Wellington Open 2017"]
[Site "Wellington"]
[Date "2017.04.15"]
[Round "3.15"]
[White "Cooper, Nigel"]
[Black "He, Caleb"]
[Result "1-0"]
[WhiteElo "1821"]
[BlackElo "1416"]

1. f4 f5 2. Nf3 Nf6 3. b3 b6 4. Bb2 Bb7 5. g3 g6 6. Bg2 Bg7 7. O-O Nc6 8. c4 d6
9. d4 e6 10. Nc3 Ne7 11. Ng5 Qc8 12. Bxb7 Qxb7 13. Nxe6 Rg8 14. d5 c6 15. dxc6
Qxc6 16. Nxg7+ Rxg7 17. Nd5 Nexd5 18. cxd5 Qc5+ 19. Bd4 Qxd5 20. Bxf6 Qxd1 21.
Rfxd1 Rd7 22. Rac1 Kf7 23. Be5 Ke6 24. Rc6 Rad8 25. Kf2 Ke7 26. Bb2 d5 27. Ba3+
Kf7 28. e3 d4 29. exd4 Rxd4 30. Rxd4 Rxd4 31. Ke3 Rd7 32. Rd6 Rxd6 33. Bxd6 Ke6
34. Bb8 a6 35. Kd4 h6 36. Bc7 b5 37. Kc5 g5 38. fxg5 hxg5 39. Bd8 g4 40. Bc7
Kd7 41. Bf4 Ke6 42. Kc6 Ke7 43. Kb6 Ke6 44. Kxa6 Kd5 45. Kxb5 Ke4 46. Kc4 Kf3
47. Kd3 Kg2 48. Ke2 Kxh2 49. Kf2 Kh3 50. b4 Kh2 51. b5 Kh3 52. b6 Kh2 53. b7
Kh3 54. b8=R Kh2 55. Rh8# 1-0

[Event "Wellington Open 2017"]
[Site "Wellington"]
[Date "2017.04.15"]
[Round "3.17"]
[White "Stannard, Bobby"]
[Black "Stannard, Lars"]
[Result "0-1"]
[WhiteElo "1481"]
[BlackElo "1260"]

1. e4 e5 2. Nf3 d6 3. Nc3 c5 4. d3 h6 5. g3 Nc6 6. Bg2 Be6 7. Be3 Nf6 8. a3 Qd7
9. b4 cxb4 10. axb4 b6 11. b5 Ne7 12. d4 Bc4 13. dxe5 dxe5 14. Nxe5 Qc7 15.
Nxc4 Qxc4 16. Qd2 g5 17. e5 Rd8 18. Bc6+ Nxc6 19. exf6 Rxd2 20. Bxd2 Nd8 21.
O-O-O Ba3+ 22. Kb1 Qb4+ 23. Ka1 Qb2# 0-1

[Event "Wellington Open 2017"]
[Site "Wellington NZL"]
[Date "2017.04.15"]
[Round "4.1"]
[White "Croad, Nicholas"]
[Black "Ker, Anthony F"]
[Result "1/2-1/2"]
[WhiteElo "2375"]
[BlackElo "2474"]

1. e4 c5 2. Nf3 g6 3. Bc4 Bg7 4. c3 Qc7 5. O-O Nf6 6. e5 Ng4 7. Bxf7+ Kxf7 8.
Ng5+ Kg8 9. Qxg4 Qxe5 10. Qc4+ e6 11. d4 Qc7 12. dxc5 b6 13. Qe4 Bb7 14. cxb6
axb6 15. Qf4 Qxf4 16. Bxf4 h6 17. Nf3 Bxf3 18. gxf3 d5 19. Re1 Kf7 20. Bxb8
Rhxb8 21. Nd2 b5 22. a3 d4 23. Ne4 dxc3 24. bxc3 Bf8 25. Red1 Rb7 26. Rd6 Ra4
27. Rad1 Rxe4 28. fxe4 Bxd6 29. Rxd6 Kf6 30. f3 Rc7 31. Rb6 Rxc3 32. Kf2 Rb3
33. Kg3 Ke5 34. h4 h5 35. Ra6 Rb2 36. Rb6 Rb3 37. Ra6 Rb2 38. a4 bxa4 39. Ra5+
Kf6 40. Rxa4 Rb6 41. Ra5 e5 42. Ra8 Kf7 43. Rc8 1/2-1/2

[Event "Wellington Open 2017"]
[Site "Wellington NZL"]
[Date "2017.04.15"]
[Round "4.2"]
[White "Quere, Alexandre"]
[Black "James, Jack"]
[Result "1/2-1/2"]
[WhiteElo "2022"]
[BlackElo "2145"]

1. Nf3 d5 2. g3 c6 3. Bg2 Nd7 4. O-O e5 5. d3 Bd6 6. e4 dxe4 7. dxe4 Bc7 8. b3
Ne7 9. Nbd2 O-O 10. Ba3 b5 11. Nh4 Re8 12. Nf5 Nxf5 13. exf5 Nb8 14. c4 Bxf5
15. cxb5 Bd3 16. Re1 Bxb5 17. Rc1 f5 18. Nc4 Qf6 1/2-1/2

[Event "Wellington Open 2017"]
[Site "Wellington NZL"]
[Date "2017.04.15"]
[Round "4.3"]
[White "Dive, Russell J"]
[Black "Steadman, Michael V R"]
[Result "1-0"]
[WhiteElo "2426"]
[BlackElo "2309"]

1. Nf3 Nf6 2. c4 e6 3. g3 d5 4. Bg2 dxc4 5. O-O Nbd7 6. Qc2 a6 7. a4 Be7 8. Na3
O-O 9. Nxc4 c5 10. a5 Nd5 11. Rd1 Qc7 12. d3 Nb4 13. Qa4 e5 14. Bd2 Nc6 15.
Rac1 Rb8 16. b4 cxb4 17. d4 f6 18. Qa2 e4 19. Bf4 Qd8 20. d5 b3 21. Qxb3 Nc5
22. Qb1 Ne5 23. Nfxe5 fxe5 24. Bxe5 Bf5 25. Qa2 Bg5 26. Bxb8 Qxb8 27. Ne3 Bxe3
28. fxe3 Nd7 29. d6+ Kh8 30. Qd5 Bg6 31. Rc7 1-0

[Event "Wellington Open 2017"]
[Site "Wellington NZL"]
[Date "2017.04.15"]
[Round "4.4"]
[White "Masters, Andrew"]
[Black "Polishchuk, Kirill"]
[Result "0-1"]
[WhiteElo "1911"]
[BlackElo "2225"]

1. c4 e5 2. Nc3 Nc6 3. g3 f5 4. Bg2 Nf6 5. d3 Bc5 6. a3 a5 7. e3 d6 8. Nge2 O-O
9. d4 Ba7 10. d5 Ne7 11. O-O Ng6 12. b4 Ng4 13. h3 Nh6 14. Kh2 Qf6 15. Nb5 Bb8
16. Bb2 Bd7 17. Nbc3 Ba7 18. Qd2 Qg5 19. f4 Qe7 20. bxa5 Bc5 21. Nb5 c6 22.
dxc6 Bxc6 23. Bd5+ Bxd5 24. Qxd5+ Kh8 25. Qd2 Ng8 26. Nec3 Nf6 27. Rad1 Rad8
28. Rfe1 Qe6 29. Nd5 Ne4 30. Qg2 Qf7 31. Nbc3 Nxc3 32. Bxc3 Bxa3 33. Rb1 Rc8
34. Bb4 (34. Rb3 Bc5 35. Reb1) 34... Bxb4 35. Rxb4 Rc5 36. Reb1 Rxa5 37. Rxb7
Qe8 38. Qb2 Qa4 39. Qb3 Qxb3 40. R1xb3 Ra2+ 41. Rb2 Rxb2+ 42. Rxb2 Rc8 43. Nb6
(43. Rb6 Kg8 44. fxe5 Rxc4 45. e6) 43... Rb8 44. Rb5 Kg8 45. Nd5 Rc8 46. Rb6
Rxc4 47. Rxd6 Rc2+ 48. Kg1 Kf7 49. fxe5 Nxe5 50. Nf4 Nf3+ 51. Kf1 Nd2+ 52. Ke1
Nf3+ (52... Ne4 53. Rd7+ Kf6 54. Nh5+) 53. Kd1 Rc7 54. Ke2 Ng5 55. Kd3 (55. Rd2
Ne4) 55... Ne4 56. Rd5 Nxg3 57. Ne2 Nxe2 58. Kxe2 Ke6 59. Rd4 g5 60. Kf3 h5 61.
Rb4 Rc5 62. Rd4 Rc3 63. Kf2 Ke5 64. Rb4 Rc5 65. Kf3 Ra5 66. Rc4 g4+ 67. hxg4
hxg4+ 68. Ke2 Ra2+ 69. Kf1 g3 70. Rf4 g2+ 71. Kg1 Re2 72. Rf2 Rxf2 73. Kxf2 Ke4
74. Kxg2 Kxe3 0-1

[Event "Wellington Open 2017"]
[Site "Wellington NZL"]
[Date "2017.04.15"]
[Round "4.5"]
[White "Goodhue, Nathan"]
[Black "Wells, Clinton A"]
[Result "1/2-1/2"]
[WhiteElo "2093"]
[BlackElo "1934"]

1. b3 e5 2. Bb2 Nc6 3. e3 d5 4. Bb5 Bd6 5. Bxc6+ bxc6 6. c4 f6 7. Ne2 Be6 8. d3
Bb4+ 9. Nd2 Ne7 10. a3 Bxd2+ 11. Qxd2 Rb8 12. Qc2 O-O 13. Bc3 c5 14. O-O d4 15.
exd4 cxd4 16. Bb4 Re8 17. Bc5 Rb7 18. b4 Ng6 19. Rae1 Nf8 20. b5 Nd7 21. Bb4 a6
22. bxa6 Ra7 23. a4 c5 24. Bd2 Rxa6 25. Ra1 e4 26. Nf4 Bf5 27. dxe4 Bxe4 28.
Qa2 Bc6 29. a5 1/2-1/2

[Event "Wellington Open 2017"]
[Site "Wellington NZL"]
[Date "2017.04.15"]
[Round "4.6"]
[White "Jackson, L Ross"]
[Black "Chen, Wei Kai"]
[Result "0-1"]
[WhiteElo "2054"]
[BlackElo "1732"]

1. d4 d5 2. c4 e6 3. Nc3 Nf6 4. cxd5 exd5 5. Bg5 c6 6. Qc2 Be7 7. e3 Bg4 8. Bd3
h6 9. Bh4 O-O 10. h3 Be6 11. Nge2 c5 12. Nf4 cxd4 13. exd4 Nc6 14. Nxe6 fxe6
15. Ne2 Qa5+ 16. Kf1 Qb6 17. Rd1 e5 18. dxe5 Ne4 19. Bxe4 Bxh4 20. Bxd5+ Kh8
21. Kg1 Qxf2+ 0-1

[Event "Wellington Open 2017"]
[Site "Wellington NZL"]
[Date "2017.04.15"]
[Round "4.7"]
[White "Heppenstall, Lara"]
[Black "Nyberg, Michael"]
[Result "0-1"]
[WhiteElo "1506"]
[BlackElo "2032"]

1. d4 Nf6 2. c4 e6 3. Nc3 b6 4. Bg5 Be7 5. Bxf6 Bxf6 6. e4 c5 7. d5 d6 8. Qc2
O-O 9. Nf3 Na6 10. Rc1 Re8 11. a3 Nc7 12. Be2 Qe7 13. O-O Bd7 14. Bd3 e5 15. b4
cxb4 16. axb4 Na6 17. Qb3 Nc7 18. Qa3 a5 19. Nb5 Nxb5 20. cxb5 axb4 21. Qxb4
Rec8 22. Ra1 Rab8 23. Ra7 Rc5 24. Nd2 Qd8 25. Nb3 Rc7 26. Rxc7 Qxc7 27. Rc1 Qa7
28. Qxd6 Be8 29. Ra1 Qb7 30. Ra6 h6 31. h3 Qc8 32. Rxb6 Rxb6 33. Qxb6 Qc3 34.
Nc5 Qe1+ 35. Bf1 Bh4 36. Nd3 Qxe4 37. Qb8 Kf8 38. d6 Qd4 39. b6 e4 40. d7 Qxd7
41. Nc5 Bxf2+ 42. Kxf2 Qd4+ 43. Kg3 Qxc5 44. b7 Ke7 45. Qxe8+ Kxe8 46. b8=Q+
Ke7 47. Qb7+ Kf6 48. Qxe4 g5 49. Qf3+ Kg7 50. Bd3 h5 51. Qf5 Qe3+ 52. Kh2 h4
53. Qf3 Qe5+ 54. Kg1 Qd4+ 55. Kf1 Qa1+ 56. Kf2 Qd4+ 57. Qe3 Qf6+ 58. Ke2 Qb2+
59. Kf3 Kf6 60. Qe4 Qc1 61. Kg4 Kg7 62. Qe5+ Kf8 63. Qh8+ Ke7 64. Qe5+ Kf8 65.
Be4 Qe3 66. Bf3 Qxe5 0-1

[Event "Wellington Open 2017"]
[Site "Wellington NZL"]
[Date "2017.04.15"]
[Round "4.10"]
[White "Lyall, Simon"]
[Black "Nicholls, Leighton"]
[Result "0-1"]
[WhiteElo "1819"]
[BlackElo "2057"]

1. e4 e5 2. Nf3 Nc6 3. d4 exd4 4. Nxd4 Bc5 5. Be3 Qf6 6. c3 Nge7 7. Bc4 d6 8.
O-O a6 9. Nd2 Bxd4 10. cxd4 Nxd4 11. Qh5 O-O 12. f4 Nc2 13. e5 Qg6 14. Qe2 Nxa1
15. Rxa1 Be6 16. Bd3 Bf5 17. Bc4 dxe5 18. fxe5 Rfd8 19. Qf2 Nd5 20. Rf1 Nxe3
21. Qxe3 Be6 22. Bxe6 Qxe6 23. Qf4 Rd7 24. Nf3 Re8 25. Qe4 Qd5 26. Qf5 h6 27.
b3 Red8 28. Qf4 Qc5+ 29. Kh1 Rd1 30. Ne1 R8d7 31. h3 Re7 32. Qg4 Qd5 33. Qc8+
Kh7 34. Qf5+ g6 35. Qg4 Rxe5 0-1

[Event "Wellington Open 2017"]
[Site "Wellington NZL"]
[Date "2017.04.15"]
[Round "4.11"]
[White "Sole, Michael D"]
[Black "Cooper, Nigel"]
[Result "1/2-1/2"]
[WhiteElo "1586"]
[BlackElo "1821"]

1. e4 e5 2. Nf3 Nc6 3. Bb5 a6 4. Ba4 Nf6 5. O-O Be7 6. Re1 b5 7. Bb3 O-O 8. c3
d5 9. exd5 Nxd5 10. Nxe5 Nxe5 11. Rxe5 c6 12. h3 Bd6 13. Re1 Qg5 14. Bxd5 Qxd5
15. d4 Bb7 16. Nd2 c5 17. Nf3 Qf5 18. Be3 Bxf3 19. Qxf3 Qxf3 20. gxf3 cxd4 21.
Bxd4 1/2-1/2

[Event "Wellington Open 2017"]
[Site "Wellington NZL"]
[Date "2017.04.15"]
[Round "4.12"]
[White "Sinclair, Zephan"]
[Black "List, Robert"]
[Result "0-1"]
[WhiteElo "1313"]
[BlackElo "1747"]

1. e4 d6 2. Nf3 Bg4 3. d4 c6 4. c4 Nd7 5. Nc3 Qc7 6. Bf4 e5 7. dxe5 dxe5 8. Be3
Ngf6 9. a3 Rd8 10. Be2 Bc5 11. Qc1 O-O 12. O-O Be7 13. Qc2 Bh5 14. Rad1 Ng4 15.
Bg5 Bxg5 16. Nxg5 Ngf6 17. Bxh5 Nxh5 18. Ne2 h6 19. Nh3 Nc5 20. f4 Rxd1 21.
Rxd1 exf4 22. Rf1 g5 23. Nd4 Ng7 24. Nf5 Nxf5 25. exf5 Re8 26. Qd1 Ne4 27. Qg4
Qb6+ 28. Kh1 Nf2+ 29. Nxf2 Qxf2 30. Qf3 Qxf3 31. gxf3 Re2 32. Rb1 Rf2 33. b4
Rxf3 34. a4 Kg7 35. b5 c5 36. b6 a6 37. Rd1 Rc3 38. Rd7 Rxc4 39. Rxb7 Rb4 40.
a5 Rb5 41. Ra7 Rxa5 42. f6+ Kxf6 43. b7 Rb5 44. Rxa6+ Kf5 45. Ra5 Rxb7 46.
Rxc5+ Kg4 0-1

[Event "Wellington Open 2017"]
[Site "Wellington NZL"]
[Date "2017.04.15"]
[Round "4.14"]
[White "He, Paul"]
[Black "Murdoch, Stephen"]
[Result "0-1"]
[WhiteElo "1051"]
[BlackElo "1608"]

1. e4 e6 2. Nc3 d5 3. exd5 exd5 4. d4 Nf6 5. Bg5 Be6 6. Nf3 Be7 7. g3 h6 8. Be3
Qd7 9. Bg2 Nc6 10. Ne5 Qc8 11. Nxc6 bxc6 12. Qd2 Rb8 13. O-O-O Qb7 14. b3 Bb4
15. Kb2 Qa6 16. a4 Qa5 17. Qd3 Bxc3+ 18. Qxc3 Qxc3+ 19. Kxc3 O-O 20. Bf4 Rb7
21. a5 a6 22. Be5 Ng4 23. Rdf1 Nxe5 24. dxe5 Rb5 25. b4 c5 26. bxc5 Rxc5+ 27.
Kd4 Rc4+ 28. Kd3 Bf5+ 29. Kd2 Rxc2+ 30. Ke3 Rb8 31. Bxd5 Rc3+ 32. Kf4 Bh3 33.
Re1 Rb4+ 34. Re4 g5# 0-1

[Event "Wellington Open 2017"]
[Site "Wellington NZL"]
[Date "2017.04.15"]
[Round "4.15"]
[White "Stannard, Lars"]
[Black "Meravanage, Satwik"]
[Result "0-1"]
[WhiteElo "1260"]
[BlackElo "1524"]

1. d4 d5 2. Nf3 Bf5 3. e3 e6 4. Nc3 c5 5. Bd3 Bxd3 6. cxd3 cxd4 7. exd4 Nc6 8.
O-O Nf6 9. Bf4 Be7 10. Be5 O-O 11. a3 Ng4 12. h3 Ngxe5 13. dxe5 f6 14. d4 fxe5
15. dxe5 Bc5 16. Re1 Qe8 17. Qd3 Qh5 18. b4 Bb6 19. Ne2 Nxe5 20. Nxe5 Qxe5 21.
Rf1 Rxf2 22. Kh1 Qxe2 23. Qxe2 Rxe2 24. Rad1 Rc8 25. Rf3 Re3 26. Rf4 Rxa3 27.
Rdf1 e5 28. Rf5 Re8 29. Rf7 e4 30. Rxb7 Rf8 31. Re1 e3 32. Re2 d4 0-1

[Event "Wellington Open 2017"]
[Site "Wellington NZL"]
[Date "2017.04.15"]
[Round "4.18"]
[White "Day, Fabian"]
[Black "Burt, James"]
[Result "1-0"]
[WhiteElo "1726"]
[BlackElo "1291"]

1. e4 d5 2. exd5 Qxd5 3. d4 Nc6 4. Nf3 Bf5 5. Nc3 Qd6 6. Nb5 Qd7 7. Bf4 Qe6+ 8.
Be2 O-O-O 9. O-O Nf6 10. Ng5 Qd5 11. c4 Qxd4 12. Nxd4 Nxd4 13. Bf3 Be6 14. Nxe6
Nxe6 15. Qb3 Nc5 16. Qa3 a6 17. Qxc5 e6 18. Qxc7# 1-0

[Event "Wellington Open 2017"]
[Site "Wellington NZL"]
[Date "2017.04.15"]
[Round "4.19"]
[White "He, Caleb"]
[Black "Stannard, Bobby"]
[Result "1-0"]
[WhiteElo "1416"]
[BlackElo "1481"]

1. e4 c5 2. Nf3 d6 3. d4 Nf6 4. Nc3 Nc6 5. Bb5 Bd7 6. Bxc6 Bxc6 7. Be3 Bxe4 8.
Nxe4 Nxe4 9. c3 g6 10. dxc5 dxc5 11. Qa4+ Qd7 12. Qxe4 e6 13. Qe5 f6 14. Qxf6
Bg7 15. Qf4 b5 16. Bxc5 e5 17. Nxe5 Qe6 18. Bd4 Qe7 19. O-O Rd8 20. Nc6 Qd6 21.
Qxd6 Rxd6 22. Bxg7 Rg8 23. Nxa7 Rxg7 24. Nxb5 Rb6 25. Rfe1+ Re7 26. Nc7+ Kd8
27. Rxe7 Kxe7 28. Nd5+ 1-0

[Event "Wellington Open 2017"]
[Site "Wellington NZL"]
[Date "2017.04.16"]
[Round "5.1"]
[White "Ker, Anthony F"]
[Black "Dive, Russell J"]
[Result "1-0"]
[WhiteElo "2474"]
[BlackElo "2426"]

1. e4 e5 2. Nf3 Nf6 3. Nxe5 d6 4. Nf3 Nxe4 5. Nc3 Nxc3 6. dxc3 Be7 7. Bf4 Nd7
8. Qd2 Nc5 9. O-O-O O-O 10. Be3 c6 11. Nd4 Re8 12. f3 Qa5 13. Kb1 Ne6 14. Nb3
Qa4 15. Qf2 d5 16. f4 b5 17. h4 b4 18. f5 Nc7 19. Qg3 Nb5 20. Bh6 g6 21. fxg6
hxg6 22. h5 bxc3 23. Bxb5 Qxb5 24. hxg6 f6 25. Qh4 Bf5 26. Bf8 Bxg6 27. Qh8+
1-0

[Event "Wellington Open 2017"]
[Site "Wellington NZL"]
[Date "2017.04.16"]
[Round "5.2"]
[White "James, Jack"]
[Black "Croad, Nicholas"]
[Result "0-1"]
[WhiteElo "2145"]
[BlackElo "2375"]

1. e4 c5 2. Nc3 Nc6 3. Bb5 Nd4 4. Nge2 a6 5. Bd3 g6 6. Nxd4 cxd4 7. Ne2 Bg7 8.
f4 d6 9. O-O Nf6 10. Kh1 Nd7 11. b4 Qb6 12. Rb1 Nc5 13. Bb2 Nxd3 14. cxd3 O-O
15. f5 d5 16. Qe1 dxe4 17. dxe4 Bd7 18. Nf4 Qd6 19. Qh4 Bc6 20. Nd3 Qf6 21. Qf4
e5 22. Qg4 h5 23. Qe2 Qh4 24. Rbe1 Bb5 25. Rf3 Rac8 26. Qd1 Rfe8 27. Nf2 Qe7
28. a3 Qc7 29. a4 Bd7 30. f6 Bh6 31. Rg3 Kh7 32. Nd3 Qc2 33. Qa1 Qxa4 34. Nc5
Qxa1 35. Rxa1 Bc6 36. d3 Bd2 37. Ba3 a5 38. bxa5 Bxa5 39. Nb3 Bc3 40. Rb1 Ra8
41. Bb2 Ra2 42. Bc1 Rea8 43. Rf3 Re2 44. Bg5 Raa2 45. h4 Rxg2 46. Nc5 Rh2+ 47.
Kg1 Rag2+ 48. Kf1 Rxg5 49. hxg5 Rh1+ 50. Kg2 Rxb1 51. Ne6 Kg8 52. Nc7 Kf8 53.
Kh2 Ba5 0-1

[Event "Wellington Open 2017"]
[Site "Wellington NZL"]
[Date "2017.04.16"]
[Round "5.3"]
[White "Polishchuk, Kirill"]
[Black "Quere, Alexandre"]
[Result "1/2-1/2"]
[WhiteElo "2225"]
[BlackElo "2022"]

1. e4 c5 2. Nc3 Nc6 3. Bb5 g6 4. f4 Bg7 5. Nf3 Nd4 6. Nxd4 cxd4 7. Ne2 e6 8.
Bc4 Ne7 9. d3 b5 10. Bb3 a5 11. a4 b4 12. O-O d5 13. Ng3 O-O 14. e5 h5 15. Qe2
f6 16. Bd2 Qc7 17. exf6 Rxf6 18. Rae1 Nf5 19. Nxf5 Rxf5 20. Rf3 Bd7 21. Rg3 Kh7
22. Rh3 Kg8 23. g4 hxg4 24. Qxg4 Rf6 25. Qh4 Kf7 26. Qg5 Qd6 27. Re2 Rf5 28.
Qg3 Rh8 29. Rxh8 Bxh8 30. Rg2 Rf6 31. h4 Ke8 32. Qg5 Qf8 33. Qe5 Kf7 34. h5
gxh5 35. Qxh5+ Ke7 36. Qg5 Kd6 37. c3 Rf5 1/2-1/2

[Event "Wellington Open 2017"]
[Site "Wellington NZL"]
[Date "2017.04.16"]
[Round "5.5"]
[White "Chen, Wei Kai"]
[Black "Goodhue, Nathan"]
[Result "1/2-1/2"]
[WhiteElo "1732"]
[BlackElo "2093"]

1. e4 d5 2. exd5 Qxd5 3. Nc3 Qd6 4. Nf3 Nf6 5. Bc4 a6 6. O-O b5 7. Be2 Bb7 8.
d3 c5 9. Bg5 Nbd7 10. Nd2 e6 11. Bf3 Qc7 12. Nce4 Be7 13. Nxf6+ Nxf6 14. Bh4
Rd8 15. Qe2 O-O 16. a4 b4 17. Bxb7 Qxb7 18. b3 Nd5 19. Bxe7 Qxe7 20. Nc4 Qc7
21. Rfe1 Ne7 22. Nd2 Nf5 23. Nf3 Rd5 24. Rac1 Nd4 25. Qd1 Rfd8 26. Re3 Nf5 27.
Re4 e5 28. Qe1 f6 29. Nd2 Qb7 30. Nc4 Rd4 31. f3 Ne7 32. Qe2 Nd5 33. Rxd4 cxd4
34. Qe4 Qc7 35. Kf2 Nf4 36. Re1 Ne6 37. g3 Nc5 38. Qg4 Re8 39. Re2 g6 40. Nd2
Kg7 41. Qh4 Qc6 42. Ne4 Nxe4+ 43. Qxe4 Rc8 44. Qxc6 Rxc6 45. f4 exf4 46. gxf4
f5 47. h4 Kf6 48. Kf3 Re6 49. Rh2 Re1 50. Kf2 Rc1 51. Kf3 h6 52. Kg3 Rf1 53.
Re2 g5 54. fxg5+ hxg5 55. hxg5+ Kxg5 56. Kg2 Rc1 57. Kf3 Rh1 58. Rg2+ Kf6 59.
Kg3 Re1 60. Kf3 Ke5 61. Rg8 Re3+ 62. Kf2 Kf4 63. Rd8 Ke5 64. Re8+ Kf4 65. Rd8
Ke5 66. Re8+ Kf4 67. Rd8 1/2-1/2

[Event "Wellington Open 2017"]
[Site "Wellington NZL"]
[Date "2017.04.16"]
[Round "5.7"]
[White "Wells, Clinton A"]
[Black "Rossiter, Philip E"]
[Result "1/2-1/2"]
[WhiteElo "1934"]
[BlackElo "1945"]

1. d4 Nf6 2. Nf3 b6 3. g3 Bb7 4. Bg2 c5 5. O-O e6 6. c4 Be7 7. Nc3 cxd4 8. Nxd4
Bxg2 9. Kxg2 Qc8 10. Bg5 Qb7+ 11. Kg1 O-O 12. Rc1 Nc6 13. a3 Rfd8 14. b4 h6 15.
Bxf6 Bxf6 16. Ndb5 Bxc3 17. Nd6 Qc7 18. Rxc3 Ne7 19. e4 a5 20. Rf3 Rf8 21. Qd3
axb4 22. axb4 Ng6 23. Qd4 Ra4 24. Rb1 f6 25. Rc3 Rb8 26. f4 Ne7 27. Nb5 Qc6 28.
Rd3 1/2-1/2

[Event "Wellington Open 2017"]
[Site "Wellington NZL"]
[Date "2017.04.16"]
[Round "5.8"]
[White "Steadman, Michael V R"]
[Black "Sole, Michael D"]
[Result "1-0"]
[WhiteElo "2309"]
[BlackElo "1586"]

1. c4 e5 2. g3 Nf6 3. Bg2 d5 4. cxd5 Nxd5 5. Nc3 Nxc3 6. bxc3 Bd6 7. Nf3 O-O 8.
O-O c6 9. d4 exd4 10. cxd4 Re8 11. Qc2 h6 12. e4 Nd7 13. Bb2 Nb6 14. a4 a5 15.
Nd2 Bb4 16. Bc3 Bxc3 17. Qxc3 Be6 18. Rfb1 Re7 19. Nb3 Bxb3 20. Qxb3 Nc8 21.
Rd1 Rd7 22. Rab1 Rb8 23. Qc3 Ne7 24. Bf1 b6 25. Bc4 c5 26. d5 Rd6 27. f4 Nc6
28. e5 Rd7 29. d6 Nd4 30. Rxd4 cxd4 31. Qxd4 Rc8 32. Bd3 Rc5 33. Qe4 g6 34. Bb5
Qc8 35. Bxd7 Rc1+ 36. Rxc1 Qxc1+ 37. Kg2 Qd2+ 38. Kh3 Qd1 39. Bg4 1-0

[Event "Wellington Open 2017"]
[Site "Wellington NZL"]
[Date "2017.04.16"]
[Round "5.9"]
[White "Murdoch, Stephen"]
[Black "Jackson, L Ross"]
[Result "0-1"]
[WhiteElo "1608"]
[BlackElo "2054"]

1. d4 Nf6 2. Nf3 d5 3. Bg5 Ne4 4. Bh4 Nd7 5. e3 Ndf6 6. Bd3 h6 7. Bxf6 exf6 8.
h3 Bd6 9. O-O Qe7 10. c4 dxc4 11. Bxc4 O-O 12. Qb3 c6 13. Nc3 b5 14. Bd3 f5 15.
Rac1 Ng5 16. Nxg5 hxg5 17. Qd1 g6 18. a4 b4 19. Ne2 Bd7 20. g3 f4 21. exf4 gxf4
22. Nxf4 Bxf4 23. gxf4 Bxh3 24. Re1 Qf6 25. Qf3 Bd7 26. Re5 Kg7 27. Rcc5 Rh8
28. Kf1 Rh3 29. Qe4 Rh4 30. Rg5 Re8 31. Rce5 Rxf4 32. Qg2 Rh8 33. Ke2 Rh6 34.
Be4 Rfh4 35. b3 Be6 36. Bxc6 Rxd4 37. Bd5 Bg4+ 38. f3 Qf4 0-1